[Event "Stay Safe Play From Home 305"]
[Site "Emanuel Lasker Arena"]
[Date "2020.07.15"]
[Round "4"]
[White "Buzaglo"]
[Black "SoulofWolf"]
[Result "0-1"]
[WhiteElo "1868"]
[BlackElo "2109"]
[Annotator "TA"]
[PlyCount "126"]
[EventDate "2020.07.15"]
[EventType "swiss (blitz)"]

{[%evp 9,126,-100,-92,-106,-106,-104,-92,-101,-101,-114,-108,-137,-138,-145,-142,-145,-99,-99,-104,-252,-245,-254,-131,-144,-124,-118,-110,-106,-75,-85,-33,-46,-27,-109,-108,-114,-104,-122,-116,-174,-171,-225,-169,-231,-166,-105,-89,-95,-95,-116,-108,-165,-139,-143,298,289,300,302,666,304,265,206,208,201,188,120,214,109,91,-546,-546,-548,-535,-522,-503,-1533,-1009,-5609,-2573,-29978,-29969,-29964,0,-2839,-1888,-29970,-1571,-29977,-29970,-29973,-29973,-29974,-29975,-29977,-29977,-29977,-29978,-29978,-29977,-29977,-29978,-29981,-29982,-29987,-29988,-29988,-29989,-29989,-29989,-29990,-29991,-29991,-29990,-29991,-29992,-29992,-29993,-29994,-29994]} 1. d4 c5 2. Nf3 e6 3. d5 Nf6 4. d6 Qb6 5. c4 {[#]} Qxd6 $146 ({Predecessor:} 5... Bxd6 6. Nc3 Be7 7. Qc2 Nc6 8. a3 a6 9. Bf4 d6 10. e4 e5 11. Nd5 Nxd5 12. exd5 exf4 13. dxc6 Qxc6 {0-1 (70) Kalkman de Koster,F (1510)-Wright,H (1823) Oslo 2018}) 6. Qxd6 {A43: Schmid Benoni.} Bxd6 7. Nc3 {[%cal Bb1c3,Bc3e4,Be4d6][%mdl 32]} a6 8. e4 {Strongly threatening e5.Black is better.} Bc7 9. e5 Ng4 10. Bf4 Nc6 11. Ne4 Ngxe5 12. Nxe5 Bxe5 13. Bxe5 Nxe5 14. Nd6+ (14. f4 $17 Ng4 15. Be2) 14... Ke7 $19 15. Ne4 d5 (15... b6 $19 16. O-O-O f5) 16. cxd5 $17 exd5 17. Nxc5 b5 18. Nd3 Nc4 19. Be2 f6 (19... Bf5 $17 {Threatens to win with ...Bxd3.} 20. b3 Nb6) 20. O-O $15 Bf5 {aiming for ...Bxd3.} 21. Nf4 (21. b3 $1 $11 {remains equal.}) 21... Nxb2 $17 22. Nxd5+ Kf7 23. Ne3 Be6 24. Rab1 (24. f4 $17) 24... Na4 $1 $19 25. Rbd1 (25. Bh5+ $142 g6 26. Bf3) 25... Rhd8 26. Rc1 (26. Bf3 {was called for.} Nc3 27. Ra1) 26... Ra7 27. a3 Rad7 28. h4 g6 29. Bf3 h5 30. Nc2 (30. g3 $17 {is a better defense.}) 30... Rd3 31. Nb4 R8d6 $2 {[%mdl 8192]} (31... Rxa3 $17 {keeps the pressure on.} 32. Rfe1 Rc3 33. Nxa6 Rxc1 34. Rxc1 Bc4) 32. Nxd3 $18 Rxd3 33. Rc6 Rxa3 $2 (33... Bd5) 34. Rxa6 (34. Re1 $142) 34... Rd3 35. Ra7+ Rd7 36. Rxd7+ Bxd7 {[%mdl 4096] Endgame [#] KRB-KBN} 37. Be2 ({White should try} 37. Rc1 $1 $18) 37... Ke7 (37... Nc3 $16 38. Bd3 g5 39. hxg5 fxg5) 38. Rb1 (38. Re1 $18 {Black must now prevent Bxb5+.} Kf7 39. Rd1) 38... Nc3 $16 39. Bxb5 $2 {[%mdl 8192]} (39. Rb2 $16) 39... Nxb1 $19 40. Bc4 Nc3 41. Bb3 Ne4 42. g4 (42. Bd5 $142 Nd6 43. g3) 42... Nd6 43. Bc2 Bxg4 44. Bxg6 Bf3 45. Kh2 Bg4 $2 (45... Ne4 {mates} 46. Bf5 Kd6 47. Kg1 Ke5 48. Bh7 Kf4 49. Bg8 Kg4 50. Bc4 Kxh4 51. Ba6 f5 52. Bd3 Kg4 53. Bf1 h4 54. Kh2 Nxf2 55. Bh3+ Kg5 56. Bf1 f4 57. Kg1 Ng4 58. Bh3 Be2 59. Bxg4 Kxg4 60. Kg2 f3+ 61. Kf2 h3 62. Ke1 h2 63. Kd2 h1=Q 64. Kc2 f2 65. Kd2 f1=Q 66. Kc2 Qe4+ 67. Kb2 Qb4+ 68. Kc2 Bd3#) 46. Kg3 $2 {[%mdl 8192]} (46. Kg1 $11 f5 47. Kg2) 46... Nf5+ 47. Kh2 Ng7 (47... Ke6 $142 48. Bh7 Ke5 49. Bg8 Nxh4 50. Kg3 Nf3 51. Bc4 f5 52. Kg2 h4 53. Kh1 h3 54. Ba6 Nd2 55. Kh2 Nf3+ 56. Kh1 Ng5 57. Kh2 Kf4 58. Kg1 Ne4 59. Bb5 Nxf2 {[%mdl 64] Promotion} 60. Kxf2 Bf3 61. Ke1 h2 62. Kd2 h1=Q 63. Kc2 Qe1 64. Kb3 Bd1+ 65. Kc4 Be2+ 66. Kc5 {[#]} Qa5 $1 {[%mdl 512]} 67. Kd6 Bxb5 68. Kc5 Ke4 69. Kd6 Qa7 70. Ke6 Qg7 71. Kd6 Qe5#) 48. Kg1 Ke6 {Black mates.} 49. Bc2 f5 50. Bb3+ Ke5 51. Ba2 f4 52. Bb1 f3 53. Kf1 Ne6 54. Ke1 Nf4 55. Kd2 Ng2 56. Kc3 Nxh4 57. Kb4 Ng2 58. Ba2 Nf4 59. Bg8 h4 60. Bh7 Be6 61. Ka5 h3 62. Kb6 h2 63. Kc7 Nd5+ {Accuracy: White = 45%, Black = 64%.} 0-1

[Event "Stay Safe Play From Home 305"]
[Site "Emanuel Lasker Arena"]
[Date "2020.07.15"]
[Round "4"]
[White "NeatFox"]
[Black "Klasman"]
[Result "1-0"]
[WhiteElo "1822"]
[BlackElo "1301"]
[Annotator "NA RC"]
[PlyCount "35"]
[EventDate "2020.07.15"]
[EventType "swiss (blitz)"]

1. g4 {[%emt 0:00:01]} e5 {[%emt 0:00:02]} 2. Bg2 {[%emt 0:00:00]} d5 {[%emt 0:00:01]} 3. c4 {[%emt 0:00:00]} Nf6 {[%emt 0:00:05]} 4. Qb3 {[%emt 0:00:01]} c6 {[%emt 0:00:05]} 5. cxd5 {[%emt 0:00:01]} Nxd5 {[%emt 0:00:02]} 6. Nc3 {[%emt 0:00:00]} Na6 {[%emt 0:00:03]} 7. Nxd5 {[%emt 0:00:01]} Nc5 {[%emt 0:00:08]} 8. Qe3 {[%emt 0:00:07]} cxd5 {[%emt 0:00:07]} 9. Qxe5+ {[%emt 0:00:01]} Be6 {[%emt 0:00:01]} 10. d4 {[%emt 0:00:02]} Nd7 {[%emt 0:00:09]} 11. Qg3 {[%emt 0:00:04]} Bb4+ {[%emt 0:00:03]} 12. Bd2 {[%emt 0:00:01]} Qa5 {[%emt 0:00:01]} 13. Nf3 {[%emt 0:00:02]} Bxd2+ {[%emt 0:00:02]} 14. Nxd2 {[%emt 0:00:01]} Nb6 {[%emt 0:00:01]} 15. Qc3 {[%emt 0:00:01]} Qxc3 {[%emt 0:00:05]} 16. bxc3 {[%emt 0:00:00]} Rc8 {[%emt 0:00:02]} 17. Rc1 {[%emt 0:00:02]} O-O {[%emt 0:00:02]} 18. O-O {[%emt 0:00:01] Time (Lag: Av=0.36s, max=0.5s)} 1-0

[Event "Stay Safe Play From Home 305"]
[Site "Emanuel Lasker Arena"]
[Date "2020.07.15"]
[Round "5"]
[White "NTBT_DHS"]
[Black "Lamborghini"]
[Result "1-0"]
[WhiteElo "2521"]
[BlackElo "2106"]
[Annotator "TA"]
[PlyCount "61"]
[EventDate "2020.07.15"]
[EventType "swiss (blitz)"]

{[%evp 11,61,5,37,2,69,-4,8,-31,21,-35,88,-14,79,88,107,58,106,65,64,72,89,59,93,-217,436,436,524,522,544,544,522,535,515,142,668,667,711,693,959,773,762,764,1213,1190,2307,1897,29991,29992,29994,29992,29994,29993]} 1. d4 Nf6 2. Nc3 g6 3. Bg5 Bg7 4. e4 d6 5. e5 Nfd7 6. f4 f6 7. Bh4 {B07: Pirc Defence: Miscellaneous Systems.} O-O (7... fxe5 $11 8. dxe5 Nc6) 8. Nf3 (8. e6 $14) 8... Nb6 9. Qd2 {[#] The position is equal.} Bg4 $146 (9... dxe5 $15 10. fxe5 g5) ({Predecessor:} 9... dxe5 10. fxe5 fxe5 11. dxe5 Qxd2+ 12. Kxd2 Nc6 13. Re1 Bg4 14. e6 Rxf3 15. gxf3 Bh6+ {0-1 (50) Leks,H (2199)-Rajlich,I (2411) Germany 2007}) 10. Be2 (10. exf6 $11 exf6 11. Be2) 10... Nc6 (10... fxe5 $15 {stays ahead.} 11. dxe5 dxe5 12. Qxd8 (12. Nxe5 Qxd2+ 13. Kxd2 Bxe2 $17) 12... Rxd8) 11. O-O-O ({Better is} 11. d5 $16) 11... d5 (11... fxe5 $11 {keeps the balance.} 12. dxe5 dxe5) 12. h3 $16 Bxf3 13. Bxf3 Qd7 14. g4 fxe5 15. dxe5 {[%cal Rc3d5]} e6 16. Rhf1 Nc4 17. Qd3 $2 {[%mdl 8192]} (17. Qe2 $16 {and life is bright. Qxc4! is the strong threat.} Nb6 18. Bg2) 17... b5 $4 {[%mdl 8192] [#]} (17... Rxf4 $19 {and life is good for Black. Threatens to win with ...Nb4.} 18. Nxd5 N6xe5 19. Ne7+ {[%mdl 64] [#] Discovered Attack} Qxe7 $1 {[%mdl 512]} 20. Bxe7 Nxd3+ 21. cxd3 Ne3) 18. Nxd5 $1 $18 {[%mdl 512]} exd5 19. Qxd5+ Qxd5 20. Bxd5+ Kh8 21. Bxc6 Rab8 22. Rd7 $2 (22. Rde1 $18 {and White stays clearly on top.}) 22... Ne3 $2 {[%mdl 8192]} (22... Bxe5 $16 23. b3 Nb6) 23. Rf3 Ng2 24. Bg3 g5 25. f5 Nf4 26. f6 Bh6 27. Be4 Ng6 28. e6 Rxf6 29. Rxf6 {White mates.} Nf4 30. Rxh7+ Kg8 31. Rfxh6 {Accuracy: White = 30%, Black = 22%.} 1-0

[Event "Stay Safe Play From Home 305"]
[Site "Emanuel Lasker Arena"]
[Date "2020.07.15"]
[Round "5"]
[White "Broken sword"]
[Black "Lazieri3"]
[Result "1-0"]
[WhiteElo "2439"]
[BlackElo "2102"]
[Annotator "RC"]
[PlyCount "121"]
[EventDate "2020.07.15"]
[EventType "swiss (blitz)"]

1. e4 {[%emt 0:00:01]} c6 {[%emt 0:00:00]} 2. d4 {[%emt 0:00:01]} d5 {[%emt 0:00:01]} 3. Nc3 {[%emt 0:00:00]} dxe4 {[%emt 0:00:01]} 4. Nxe4 {[%emt 0:00:00]} Nf6 {[%emt 0:00:00]} 5. Ng3 {[%emt 0:00:00]} Bg4 {[%emt 0:00:01]} 6. N1e2 {[%emt 0:00:00]} e6 {[%emt 0:00:01]} 7. h3 {[%emt 0:00:01]} Bxe2 {[%emt 0:00:01]} 8. Nxe2 {[%emt 0:00:00]} c5 {[%emt 0:00:02]} 9. c3 {[%emt 0:00:01]} cxd4 {[%emt 0:00:01]} 10. Qxd4 {[%emt 0:00:00]} Qxd4 {[%emt 0:00:01]} 11. Nxd4 {[%emt 0:00:00]} Bc5 {[%emt 0:00:01]} 12. Be3 {[%emt 0:00:01]} Bxd4 {[%emt 0:00:02]} 13. Bxd4 {[%emt 0:00:01]} Nc6 {[%emt 0:00:00]} 14. Bc5 {[%emt 0:00:01]} O-O-O {[%emt 0:00:01]} 15. Bb5 {[%emt 0:00:02]} a6 {[%emt 0:00:01]} 16. Bxc6 {[%emt 0:00:01]} bxc6 {[%emt 0:00:00]} 17. Ke2 {[%emt 0:00:01]} Ne4 {[%emt 0:00:01]} 18. Be3 {[%emt 0:00:01]} Nd6 {[%emt 0:00:02]} 19. b3 {[%emt 0:00:02]} Ne4 {[%emt 0:00:02]} 20. Rac1 {[%emt 0:00:02]} Rd7 {[%emt 0:00:01]} 21. Kf3 {[%emt 0:00:01]} Nd2+ {[%emt 0:00:02]} 22. Ke2 {[%emt 0:00:01]} Ne4 {[%emt 0:00:02]} 23. Rhd1 {[%emt 0:00:01]} Rxd1 {[%emt 0:00:03]} 24. Kxd1 {[%emt 0:00:01]} Rd8+ {[%emt 0:00:01]} 25. Ke2 {[%emt 0:00:00]} Kc7 {[%emt 0:00:02]} 26. f3 {[%emt 0:00:01]} Ng3+ {[%emt 0:00:02]} 27. Ke1 {[%emt 0:00:02]} Nf5 {[%emt 0:00:00]} 28. Bf2 {[%emt 0:00:01]} Ne7 {[%emt 0:00:02]} 29. c4 {[%emt 0:00:01]} Nf5 {[%emt 0:00:02]} 30. b4 {[%emt 0:00:06]} Nd4 {[%emt 0:00:02]} 31. a4 {[%emt 0:00:01]} e5 {[%emt 0:00:01]} 32. Kf1 {[%emt 0:00:03]} f6 {[%emt 0:00:01]} 33. Rd1 {[%emt 0:00:02]} Rd7 {[%emt 0:00:05]} 34. f4 {[%emt 0:00:02]} Nc2 {[%emt 0:00:03]} 35. Bb6+ {[%emt 0:00:03]} Kc8 {[%emt 0:00:01]} 36. Rxd7 {[%emt 0:00:03]} Kxd7 {[%emt 0:00:00]} 37. fxe5 {[%emt 0:00:00]} Nxb4 {[%emt 0:00:02]} 38. Bc5 {[%emt 0:00:00]} Nd3 {[%emt 0:00:02]} 39. exf6 {[%emt 0:00:00]} gxf6 {[%emt 0:00:02]} 40. Bd4 {[%emt 0:00:00]} Ke6 {[%emt 0:00:02]} 41. Ke2 {[%emt 0:00:01]} c5 {[%emt 0:00:00]} 42. Kxd3 {[%emt 0:00:01]} cxd4 {[%emt 0:00:00]} 43. Kxd4 {[%emt 0:00:00]} Kd6 {[%emt 0:00:00]} 44. c5+ {[%emt 0:00:01]} Kc6 {[%emt 0:00:01]} 45. Kc4 {[%emt 0:00:00]} a5 {[%emt 0:00:00]} 46. g4 {[%emt 0:00:01]} h6 {[%emt 0:00:01]} 47. h4 {[%emt 0:00:00]} Kc7 {[%emt 0:00:00]} 48. Kd5 {[%emt 0:00:01]} Kd7 {[%emt 0:00:00]} 49. c6+ {[%emt 0:00:00]} Kc7 {[%emt 0:00:00]} 50. Kc5 {[%emt 0:00:00]} Kc8 {[%emt 0:00:01]} 51. Kb6 {[%emt 0:00:00]} Kb8 {[%emt 0:00:00]} 52. Kxa5 {[%emt 0:00:00]} Kc7 {[%emt 0:00:00]} 53. Kb5 {[%emt 0:00:00]} f5 {[%emt 0:00:00]} 54. gxf5 {[%emt 0:00:01]} h5 {[%emt 0:00:00]} 55. f6 {[%emt 0:00:00]} Kc8 {[%emt 0:00:00]} 56. f7 {[%emt 0:00:00]} Kc7 {[%emt 0:00:00]} 57. Kc5 {[%emt 0:00:01]} Kb8 {[%emt 0:00:01]} 58. f8=Q+ {[%emt 0:00:00]} Ka7 {[%emt 0:00:00]} 59. Qe7+ {[%emt 0:00:00]} Ka6 {[%emt 0:00:00]} 60. Qb7+ {[%emt 0:00:01]} Ka5 {[%emt 0:00:00]} 61. Qb5# {[%emt 0:00:00] (Lag: Av=0.60s, max=1.1s)} 1-0

[Event "Stay Safe Play From Home 305"]
[Site "Emanuel Lasker Arena"]
[Date "2020.07.15"]
[Round "5"]
[White "Mepe_Nika"]
[Black "Buzaglo"]
[Result "1-0"]
[WhiteElo "2341"]
[BlackElo "1861"]
[Annotator "TA"]
[PlyCount "59"]
[EventDate "2020.07.15"]
[EventType "swiss (blitz)"]

{[%evp 9,58,9,7,8,17,14,12,13,29,-12,20,19,132,-19,19,4,231,212,441,429,417,415,430,458,464,466,662,635,943,932,900,865,861,689,681,677,828,618,968,968,1705,1232,1222,1189,5390,983,29987,29988,29997,29998,29999]} 1. d4 e6 2. Bf4 d5 3. e3 Bd6 4. Bxd6 Qxd6 5. c4 Nf6 6. Nc3 {D00: 1 d4 d5: Unusual lines.} dxc4 7. Bxc4 c5 8. Nf3 {The position is equal.} cxd4 9. exd4 {[#]} Bd7 $146 ({Predecessor:} 9... a6 10. a4 O-O 11. O-O Nc6 12. Re1 Rd8 13. Ne2 b6 14. Bd3 Bb7 15. Qb3 Nb4 {0-1 (51) Sovietova,K (1353)-Al Fayyadh,Z (1705) Batumi 2018}) 10. O-O a6 (10... Qb4 $11 11. Qd3 O-O) 11. Ne5 $2 {[#]} (11. d5 $16) 11... Nc6 12. Nxd7 Nxd7 $2 {Now Black is done in.} (12... Qxd7 $11 13. d5 Na5) 13. d5 $18 Ne7 $2 (13... exd5 14. Bxd5 O-O-O) 14. dxe6 Qxd1 15. exf7+ ({Less strong is} 15. Raxd1 fxe6 16. Bxe6 Nc5 $18) 15... Kf8 16. Raxd1 ({Much less strong is} 16. Rfxd1 Nf6 $18) 16... Nf6 17. Rfe1 g6 (17... Nf5 $142 18. Nd5 Nxd5 19. Rxd5 b5) 18. Re6 Nc6 19. Rxf6 Kg7 20. Ne4 Rhf8 21. Rd7 Ne5 22. Rc7 Rad8 23. f4 Ng4 {If Black can now play ...Rd1+ this consolidates a bit.} 24. Rd6 b5 25. Bb3 Rxd6 26. Nxd6 Nf6 27. h3 h5 28. Ne8+ {White mates.} Nxe8 29. fxe8=Q+ Kf6 30. Qxf8# {Accuracy: White = 61%, Black = 22%.} 1-0

[Event "Stay Safe Play From Home 305"]
[Site "Emanuel Lasker Arena"]
[Date "2020.07.15"]
[Round "5"]
[White "Tolka"]
[Black "Bardellosport"]
[Result "1-0"]
[WhiteElo "2335"]
[BlackElo "2031"]
[Annotator "TA"]
[PlyCount "117"]
[EventDate "2020.07.15"]
[EventType "swiss (blitz)"]

{[%evp 9,116,27,151,150,146,74,55,45,40,34,47,47,123,120,127,100,111,98,107,32,51,53,56,32,62,49,142,75,90,60,75,66,104,97,104,104,93,26,104,43,369,70,152,62,101,40,68,40,40,40,40,40,40,0,54,54,54,54,54,54,54,54,74,54,54,0,0,0,0,0,0,0,0,0,0,0,0,0,29985,29986,29986,29987,29987,29988,29988,29989,29990,29989,29991,29992,29992,29993,29993,29994,29995,29994,29994,29995,29995,29995,29995,29995,29996,29997,29998,29998,29998,29999,29999]} 1. e4 e6 2. d4 d5 3. exd5 exd5 4. Nf3 c6 5. Bd3 f5 (5... Nf6 $11) 6. O-O $16 {C01: French: Exchange Variation.} Nf6 {[#]} 7. Ne5 $146 (7. c4 $142) ({Predecessor:} 7. Bf4 Bd6 8. Bxd6 Qxd6 9. Nbd2 O-O 10. Ne5 Qb4 11. Nb3 a5 12. c3 Qd6 13. Nd2 {0-1 (42) Maurizzi,M (2018)-Reimanis,R (2335) chess.com INT 2018}) 7... Bd6 8. Bf4 {White is slightly better.} O-O 9. Nd2 Qe7 10. Re1 Bxe5 (10... Be6 $14) 11. Bxe5 Qf7 12. Bxf6 Qxf6 13. Nf3 Nd7 14. Ne5 (14. c4 $16) 14... Nxe5 15. Rxe5 Bd7 16. Qf3 g6 17. Rae1 Rf7 {[#]} (17... Rae8 $14) 18. c3 (18. c4 $142 $1) 18... Raf8 19. b4 a6 20. a4 Qd8 21. a5 Re8 22. Qf4 Rxe5 23. Qxe5 (23. Rxe5 $16 Rf8 24. g3) 23... Qf8 (23... f4 $11) 24. f3 (24. Qf4 $16) 24... Qg7 $2 {[%mdl 8192]} (24... f4 $14) 25. Kf2 $2 (25. Qb8+ $18 Qf8 26. Qxb7) 25... Qxe5 (25... Qh6 $14) 26. Rxe5 $14 {[%mdl 4096] Endgame KRB-KRB} (26. dxe5 $16 {Hoping for e6.} Be6 27. Ke3) 26... Kf8 27. h4 ({White should play} 27. c4 $16) 27... Re7 28. Rxe7 Kxe7 {KB-KB} 29. Kg3 Kf6 30. Kf4 h6 31. g4 Be6 (31... g5+ $11 32. hxg5+ hxg5+ 33. Kg3 fxg4) 32. g5+ hxg5+ 33. hxg5+ Ke7 34. Ke5 Bf7 35. Be2 Be8 36. Bd1 Bf7 37. f4 (37. Ba4 $14) 37... Be8 38. Be2 Bf7 39. Bd3 Be6 40. Bf1 Bd7 41. c4 Be6 42. cxd5 Bxd5 43. b5 {[%mdl 64] [#] Deflection} cxb5 $2 {[%mdl 8192] White leaves nothing to chance now.} (43... axb5 $11 44. Bxb5 Kd7) 44. Kxd5 $11 {KB-KP. White mates.} Kd7 45. Kc5 Kc7 46. d5 Kd7 47. d6 Ke6 48. Bg2 Kd7 49. Bxb7 b4 50. Bd5 b3 51. Bxb3 {KB-K3P} Kc8 52. Ba4 Kd8 53. Kc6 Kc8 54. Kb6 Kd8 55. Kxa6 Kc8 56. Kb6 Kb8 57. a6 Kc8 58. a7 {[%cal Ra7a8]} Kd8 59. a8=Q# {Accuracy: White = 65%, Black = 60%.} 1-0

[Event "Stay Safe Play From Home 305"]
[Site "Emanuel Lasker Arena"]
[Date "2020.07.15"]
[Round "5"]
[White "SoulofWolf"]
[Black "Scorpio New"]
[Result "1-0"]
[WhiteElo "2116"]
[BlackElo "2087"]
[Annotator "TA"]
[PlyCount "153"]
[EventDate "2020.07.15"]
[EventType "swiss (blitz)"]

{[%evp 9,152,-72,-87,-91,-69,-108,-82,-189,-70,-135,-135,-150,-141,-147,-129,-205,-190,-219,-197,-192,-184,-411,-221,-239,-185,-180,-118,-126,-95,-85,-90,-170,-69,-68,-67,-325,-59,-199,0,0,-7,-203,704,684,682,681,821,816,810,766,722,456,454,392,713,497,489,461,719,737,735,735,725,700,873,854,918,877,975,974,862,858,1220,1143,29978,761,1903,810,802,790,747,551,537,544,746,731,1027,987,867,655,1488,1465,1756,1285,29990,1106,29991,29992,29992,29993,29994,29995,29995,29996,29996,29996,29998,29996,29998,29995,29995,29993,29993,29994,29994,29994,29994,29995,29995,29995,29995,29996,29996,29997,29997,29996,29997,29997,29997,29996,29997,29997,29997,29997,29997,29997,29997,29997,29997,29997,29998,29998,29998,29999,29999]} 1. c4 d5 2. Nc3 d4 3. Ne4 e5 {[#]} 4. Ng3 $146 ({Predecessor:} 4. g3 Bf5 5. Bg2 Nc6 6. d3 g6 7. Nf3 Bxe4 8. dxe4 Nf6 9. Bg5 Bg7 10. O-O {0-1 (29) Prinsloo,T (926)-Palmer,Z (1011) Waterkloof 2015}) 4... Nf6 5. d3 h5 6. h4 {A10: English Opening: Unusual Replies for Black.} g6 7. Nh3 Bg7 8. f4 (8. Ng5 $17) 8... Bxh3 (8... Ng4 $19 9. Ne4 Qxh4+ 10. g3 Qe7) 9. Rxh3 ({White should try} 9. gxh3 $15 Nd5 10. cxd5 Qxh4 {[%mdl 64] Double Attack} 11. Qb3 Qxg3+ 12. Kd1) 9... exf4 $17 10. Bxf4 O-O 11. Bg5 Qd7 12. Qd2 (12. Bxf6 $17 {is a better defense.} Bxf6 13. Ne4) 12... Ng4 $19 13. O-O-O Nc6 14. Ne4 b5 15. c5 $2 (15. cxb5 Nd8 16. Kb1) 15... Nce5 (15... Qe6 $142 16. Kb1 f5) 16. e3 dxe3 ({Don't do} 16... Nxe3 17. Bxe3 dxe3 18. Rxe3 $17) 17. Bxe3 Rac8 (17... Rfe8 $19 18. Kb1 Nc6) 18. d4 $17 Nc4 19. Bxc4 bxc4 20. Bg1 (20. Bg5 $17 {was called for.}) 20... Qb5 ({Better is} 20... Rfe8 $19 21. Qc2 Re7) 21. Nc3 $15 Qb7 {...Bh6 is the strong threat.} 22. Rf3 $2 {[%mdl 8192]} ({White should play} 22. Kb1 $15) 22... Rcd8 $2 (22... Bh6 $19 23. Rf4 Bxf4 24. Qxf4 Qxg2) 23. Kb1 {[#]} (23. Qc2 $15) 23... Rd7 $2 (23... Ne5 $1 $19 {[%cal Re5f3][%mdl 512]} 24. Rf2 (24. dxe5 Rxd2) 24... Nc6) 24. d5 $1 $36 {[%mdl 2048] And now c6 would win. White is pushing.} Rfd8 {Strongly threatening ...Bxc3.} 25. c6 $2 {[#]} (25. Bd4 $11 {and White stays safe.} Rxd5 26. Nxd5 Qxd5 27. Rf4) 25... Qb4 $4 {[%mdl 8192]} (25... Qxc6 $1 $19 {[%mdl 512]} 26. Qd4 (26. dxc6 Rxd2) 26... Qd6 27. Qxa7 c6) 26. cxd7 $18 Rxd7 27. Bd4 Ne5 28. Re3 Nd3 29. Bxg7 Kxg7 30. Rxd3 cxd3 31. Qxd3 c6 $2 (31... Qxh4 32. Qe3 Qg4) 32. Qd4+ Qxd4 33. Rxd4 {[%mdl 4096] Endgame KRN-KR} c5 (33... cxd5 $142 34. Nxd5 Kf8) 34. Rc4 Kf6 35. Rxc5 Ke5 36. Rc4 f5 37. Kc2 f4 38. b4 g5 39. hxg5 Kf5 40. a4 Kxg5 41. Ne4+ Kg4 42. Nc5 (42. Nf6+ $142 Kf5 43. Nxd7 h4 44. Rc6 a6 45. Rf6+ Kg4 46. d6 h3 47. Ne5+ Kg5 48. Rf8) 42... Rd8 43. Ne6 Rxd5 44. Kc3 Re5 45. Nd4 Re3+ 46. Kd2 Re8 47. b5 f3 48. gxf3+ Kg3 49. Kc3 Rd8 50. a5 Rf8 51. Rc5 Rf4 52. Kc4 (52. Ne2+ $142 Kg2 53. Nxf4+ Kxf3 54. Nxh5 Kg4 55. b6 axb6 56. axb6 Kf3 57. Kd2) 52... Rxf3 53. Nxf3 {White mates.} Kxf3 {KR-KPP} 54. b6 h4 55. b7 h3 56. b8=Q h2 57. Qf8+ Kg2 58. Rh5 h1=Q 59. Rxh1 Kxh1 60. Kb5 a6+ 61. Kxa6 Kg2 62. Ka7 Kg3 63. a6 Kg4 64. Kb7 Kg5 65. a7 Kg6 66. a8=Q Kg5 67. Qfc8 Kg6 68. Kc7 Kg5 69. Qab8 Kg6 70. Qcb7 Kg5 71. Q8a8 Kg6 72. Qa5 Kf6 73. Qbb6+ Kg7 74. Kc6 Kf8 75. Kc5 Kg7 76. Qaa7+ Kf8 77. Qbb8# {Accuracy: White = 34%, Black = 35%.} 1-0

[Event "Stay Safe Play From Home 305"]
[Site "Emanuel Lasker Arena"]
[Date "2020.07.15"]
[Round "5"]
[White "TheCHESSHOUSE"]
[Black "Weltszmerc"]
[Result "0-1"]
[WhiteElo "2039"]
[BlackElo "2122"]
[Annotator "TA"]
[PlyCount "56"]
[EventDate "2020.07.15"]
[EventType "swiss (blitz)"]

{[%evp 16,56,11,0,16,15,12,-46,-45,-214,-215,-207,-181,-286,-295,-339,-282,-318,-305,-339,-332,-335,-335,-626,-621,-623,-618,-621,-611,-629,-541,-578,-578,-578,-578,-578,-573,-793,-788,-891,-895,-877,-864]} 1. d4 Nf6 2. c4 b6 3. Nc3 Bb7 4. Nf3 e6 5. g3 Be7 6. Bg2 O-O 7. O-O Ne4 8. Nxe4 {8.Bd2 is the modern continuation.} Bxe4 9. Bf4 f5 {E18: Queen's Indian: Old Main Line (4 g3 Bb7 5 Bg2 Be7 6 0-0 0-0 7 Nc3).} 10. Rc1 {[#]} Bf6 $146 ({Predecessor:} 10... d6 11. Qb3 Nd7 12. Rfd1 Bf6 13. Ne1 Bxg2 14. Kxg2 Qe7 15. Nf3 Rae8 16. Be3 Kh8 17. Qa3 a5 18. c5 dxc5 19. dxc5 {½-½ (79) Snihur,P (2233)-Stojcevski,Z (2337) Katowice 2017}) 11. e3 (11. h4 $11) 11... d6 $1 $15 {Black is slightly better.} 12. Nd2 $2 ({White should try} 12. h3 $15) 12... Bxg2 $19 13. Kxg2 e5 14. dxe5 (14. Qh5 {is a better defense.}) 14... dxe5 15. Qf3 Nd7 {[%cal Bb8d7,Bd7c5,Bc5e4][%mdl 32]} ({Not} 15... Qxd2 16. Qxa8 exf4 17. exf4 $17) 16. Qd5+ Kh8 17. Nf3 exf4 18. exf4 Nc5 19. Qxf5 $2 (19. b3) 19... Bxb2 {[%mdl 64] [#] Discovered Attack. Black is clearly winning.} 20. Qc2 Bxc1 21. Rxc1 Qd3 22. Qb2 Ne4 23. Re1 Rae8 24. Ne5 Qd2 25. Qxd2 Nxd2 26. Re2 {[#]} Nxc4 $1 27. Rc2 (27. Nxc4 Rxe2) 27... Nxe5 28. fxe5 Rxe5 {White got outplayed after the opening. Accuracy: White = 18%, Black = 100%.} 0-1